Cuentos americanos (Record no. 34220)

MARC details
000 -LEADER
campo de control de longitud fija 00633nam a2200193 i 4500
001 - NÚMERO DE CONTROL
campo de control 34220
003 - IDENTIFICADOR DE NÚMERO DE CONTROL
campo de control ES-MaACL
005 - FECHA Y HORA DE LA ÚLTIMA TRANSACCIÓN
campo de control 20251108153258.0
007 - CAMPO FIJO DE DESCRIPCIÓN FÍSICA--INFORMACIÓN GENERAL
campo de control de longitud fija t|
008 - DATOS DE LONGITUD FIJA--INFORMACIÓN GENERAL
campo de control de longitud fija 030204s1913 fr ||||1| spa d
100 1# - ENTRADA PRINCIPAL--NOMBRE DE PERSONA
Nombre de persona Blanco Fombona, Rufino,
Fechas asociadas al nombre 1874-1944
9 (RLIN) 29251
245 10 - MENCIÓN DEL TÍTULO
Título Cuentos americanos
Resto del título : (dramas mínimos) /
Mención de responsabilidad, etc. Rufino Blanco-Fombona ; juicios críticos de Henri Barbusse y J. Ernest-Charles.
260 ## - PUBLICACIÓN, DISTRIBUCIÓN, ETC.
Lugar de publicación, distribución, etc. Paris :
Nombre del editor, distribuidor, etc. Garniez,
Fecha de publicación, distribución, etc. 1913.
300 ## - DESCRIPCIÓN FÍSICA
Extensión XXIII, 246 p. ;
Dimensiones 18 cm.
700 1# - ENTRADA AGREGADA--NOMBRE PERSONAL
Nombre de persona Barbusse, Henri,
Fechas asociadas al nombre 1873-1935
9 (RLIN) 25487
700 1# - ENTRADA AGREGADA--NOMBRE PERSONAL
Nombre de persona Ernest-Charles, J.
9 (RLIN) 47414
852 ## - LOCALIZACIÓN
Ubicación ES-MaACL
Número de control de estantería D-5164
Holdings
Estatus retirado Estado de pérdida Estado de daño No para préstamo Biblioteca de origen Biblioteca actual Ubicación en estantería Fecha de adquisición Fuente de adquisición Total de préstamos Signatura topográfica completa Código de barras Visto por última vez Precio de reemplazo Tipo de ítem Koha
        Biblioteca del Ateneo de Madrid Biblioteca del Ateneo de Madrid Sala Valle Inclán 17/01/2008     D-5164 901035683 23/02/2023 23/02/2023 Libro impreso